Most Streamed Green Day Songs by First Letter - Statistics

General Stats
  • This quiz has been taken 47 times
  • The average score is 9 of 24
Answer Stats
Letter Streams Song % Correct
A 1,332,684,000 American Idiot
100%
B 1,488,261,000 Basket Case
100%
H 549,098,000 Holiday
79%
W 1,012,764,000 Wake Me Up When September Ends
71%
S 163,548,000 She
57%
G 1,000,669,000 Good Riddance (Time of Your Life)
54%
J 249,007,000 Jesus of Suburbia
46%
L 217,253,000 Last Night on Earth
32%
M 99,541,000 Minority
32%
X 11,939,000 X-Kid
32%
D 41,873,000 Dilemma
29%
K 162,968,000 Know Your Enemy
29%
R 70,214,000 Revolution Radio
25%
C 36,742,000 Coming Clean
21%
N 46,479,000 Nice Guys Finish Last
21%
V 39,273,000 ¿Viva La Gloria? (Little Girl)
21%
E 44,713,000 Extraordinary Girl
18%
I 23,783,000 In The End
18%
O 58,633,000 Oh Love
18%
F 44,232,000 Father of All...
14%
P 33,595,000 Pulling Teeth
14%
T 29,415,000 The American Dream Is Killing Me
14%
U 8,966,000 Uptight
14%
Y 25,150,000 Youngblood
14%
No matching quizzes found
Score Distribution
Percent of People with Each Score
Percentile by Number Answered
Your Score History
You have not taken this quiz